01864nam a2200253 i 4500003000900000005001700009007000300026008004100029020001800070040003000088041001300118082001900131100003200150245015100182264005400333300005600387336002700443337003300470338002800503500006100531500003500592520093200627700005101559DO-SdBNP20250822112213.0ta250822t2025 dr ac 000 0 spa d z9789945293500 aDO-SdBNPbspacBNPHUerda aspaheng axxxxbR6212221 aRivera, Joséeautor4aut.10aPoemas, reflexiones, oraciones... y café :bpoems, reflections, prayers... and coffee /cJosé Rivera ; revisión, Carmen Rosa Estrada Paulino 1aSanto Domingo :b[editor no identificado],c2025. a93 páginasbilustraciones, fotografías c23 cm. atextobtxt2rdacontent asin mediaciónbn2rdamedia avolumenbnc2rdacarrier aIncluye datos biográficos del autor en la página 93. aLibro en español e inglés. aEste libro llegó a tus manos en el momento justo, tal como llega una buena conversación acompañada de café. Cada página está impregnada de reflexiones sinceras, poemas que hablan al alma y oraciones que elevan el espíritu, invitándote a un encuentro íntimo contigo misma y con lo divino. Entre estas líneas descubrirás que la vida, al igual que una taza de café, tiene matices sutiles que sólo aprecias cuando te detienes, respiras profundo y observas con atención. Permite que estas palabras te acompañen en esos instantes de calma y pausa, ofreciéndote consuelo, inspiración y fortaleza. Que este libro sea tu compañero fiel en tus momentos de quietud, invitándote a encontrar belleza en lo cotidiano, paz en medio del ruido y espiritualidad en cada sorbo que disfrutes lentamente. ¡Prepárate un café, abre tu corazón y deja que estas páginas transformen suavemente tu día!1 aEstrada Paulino, Carmen Rosa erevisión4re.